000 00512nam a22001937a 4500
003 DO-SdBNP
005 20171201124921.0
008 171201b 2006 ag ||||| |||| 00| 0 spa d
020 _a9789875820326
040 _aBPMSU
_bspa
_cBPMSU
092 _axxxx
_bxxxx
100 1 _aCaddy, Eileen
245 1 0 _aDios me habló /
_cEileen Caddy
260 _aBuenos Aires :
_bDeva's
_c2006.
300 _a222 p. ;
_c20 cm.
942 _2ddc
_cBK
945 _aInventariado 2017 /LP
956 _aLOPEREZ
_b10
_c20171201
999 _c13235
_d13235